[Event "Gibtelecom Masters"]
[Site "Gibraltar"]
[Date "2008.01.24"]
[Round "3.45"]
[White "Van Haastert, Edwin"]
[Black "Tofte, Sondre Waage"]
[Result "1-0"]
[WhiteElo "2416"]
[BlackElo "2108"]
[PlyCount "87"]
[EventDate "2008.01.22"]

1. e4 e5 2. Nf3 Nc6 3. Bb5 a6 4. Ba4 Nf6 5. O-O Be7 6. Re1 b5 7. Bb3 O-O 8. c3
d5 9. exd5 Nxd5 10. Nxe5 Nxe5 11. Rxe5 c6 12. d3 Bd6 13. Re1 Bf5 14. Qf3 Qh4
15. g3 Qh3 16. Bxd5 cxd5 17. Be3 Rad8 18. Bb6 Rde8 19. Rxe8 Rxe8 20. Nd2 Bg4
21. Qxd5 Qh6 22. Nf1 Re5 23. Qa8+ Bf8 24. Bd4 Rh5 25. b4 Bd7 26. Bc5 Rxc5 27.
bxc5 Bc6 28. Qc8 Qf6 29. Nd2 Qxc3 30. Qxc6 Qxa1+ 31. Kg2 Qxa2 32. Ne4 b4 33.
Qe8 b3 34. c6 b2 35. c7 b1=Q 36. Qxf8+ Kxf8 37. c8=Q+ Ke7 38. Qc7+ Ke6 39. Qd6+
Kf5 40. g4+ Kxg4 41. h3+ Kf5 42. Ng3+ Kg5 43. Qe5+ Kg6 44. Qf5+ 1-0

[Event "Gibtelecom Masters"]
[Site "Gibraltar"]
[Date "2008.01.24"]
[Round "3.46"]
[White "Hagen, Anders Gjerdum"]
[Black "Foisor, Cristina Adela"]
[Result "0-1"]
[WhiteElo "2049"]
[BlackElo "2412"]
[PlyCount "80"]
[EventDate "2008.01.22"]

1. d4 d5 2. Nf3 c6 3. c4 Nf6 4. Nc3 a6 5. c5 Bf5 6. Bf4 Nh5 7. Bd2 Nd7 8. Nh4
Be4 9. Nxe4 dxe4 10. Nf5 g6 11. Ng3 Nxg3 12. hxg3 Bg7 13. e3 Nf6 14. Bc4 Qd7
15. Qb3 Nd5 16. f3 exf3 17. gxf3 O-O 18. O-O-O a5 19. e4 b5 20. Bxd5 cxd5 21.
Bh6 Bxh6+ 22. Rxh6 dxe4 23. fxe4 Rac8 24. Qe3 Rfd8 25. Rhh1 f6 26. Rd2 e6 27.
Rf1 f5 28. exf5 exf5 29. Re1 Re8 30. Qb3+ Kg7 31. Red1 Re4 32. Kb1 h5 33. Qc3
b4 34. Qc2 Qd5 35. Qa4 Kh6 36. Rd3 Re2 37. Qb5 Rd8 38. a3 Qg2 39. Rb3 Qe4+ 40.
Qd3 Rxd4 0-1

[Event "Gibtelecom Masters"]
[Site "Gibraltar"]
[Date "2008.01.24"]
[Round "3.47"]
[White "Foisor, Ovidiu Doru"]
[Black "Horton-Kitchlew, Andrew"]
[Result "1-0"]
[WhiteElo "2401"]
[BlackElo "2091"]
[PlyCount "79"]
[EventDate "2008.01.22"]

1. d4 c6 2. c4 Nf6 3. Nc3 d5 4. e3 g6 5. Nf3 Bg7 6. Be2 O-O 7. O-O Bg4 8. cxd5
Nxd5 9. h3 Bxf3 10. Bxf3 e6 11. e4 Nb6 12. e5 N8d7 13. Ne4 h6 14. Bd2 Nd5 15.
Qc1 Kh7 16. b4 Qb6 17. Qc4 Rad8 18. a4 f5 19. exf6 N7xf6 20. Nc5 Rfe8 21. Rfe1
Rd6 22. Bd1 g5 23. Bc2+ Kg8 24. Re2 Qc7 25. Bg6 Re7 26. Rae1 b5 27. axb5 cxb5
28. Qxb5 Rb6 29. Qa5 Qd6 30. Rxe6 Rxe6 31. Rxe6 Qb8 32. Nd7 Qc8 33. Nxf6+ Nxf6
34. Rxb6 axb6 35. Qxb6 Nd5 36. Qd6 Qa8 37. Qe6+ Kh8 38. Be4 Qa1+ 39. Kh2 Nf6
40. Qc8+ 1-0

[Event "Gibtelecom Masters"]
[Site "Gibraltar"]
[Date "2008.01.24"]
[Round "3.48"]
[White "Foisor, Mihaela-Veronica"]
[Black "Houska, Jovanka"]
[Result "1-0"]
[WhiteElo "2043"]
[BlackElo "2393"]
[PlyCount "127"]
[EventDate "2008.01.22"]

1. d4 Nf6 2. c4 c5 3. d5 b5 4. cxb5 a6 5. bxa6 g6 6. Nc3 Bxa6 7. e4 Bxf1 8.
Kxf1 d6 9. g3 Bg7 10. Kg2 O-O 11. Nf3 Nbd7 12. Re1 Nb6 13. h3 Qd7 14. Re2 Qb7
15. Qd3 Ne8 16. Bg5 h6 17. Bf4 Nc7 18. Rd1 Kh7 19. e5 dxe5 20. Bxe5 Rfd8 21.
Bxg7 Ncxd5 22. Bxh6 Kxh6 23. Qe4 Rd7 24. Ne5 Nxc3 25. Qxb7 Rxb7 26. bxc3 f6 27.
Nc6 Na4 28. Rxe7 Rxe7 29. Nxe7 Nxc3 30. Rc1 Ra3 31. Rc2 f5 32. Nc6 Ne4 33. Ne5
g5 34. Nd7 c4 35. Nb6 c3 36. Nd5 Ra5 37. Ne3 Rb5 38. f3 Nxg3 39. Kxg3 f4+ 40.
Kf2 Rb2 41. Nf5+ Kh5 42. Nd4 Kh4 43. Ke2 Kxh3 44. Kd3 g4 45. fxg4 Kxg4 46. Kxc3
Rb1 47. Rg2+ Kh3 48. Rg6 Ra1 49. Kb3 Rf1 50. a4 f3 51. Nxf3 Rxf3+ 52. Kb4 Kh4
53. a5 Kh5 54. Re6 Rf1 55. Kb5 Kg5 56. a6 Ra1 57. Kb6 Kf5 58. Re8 Rb1+ 59. Kc7
Rc1+ 60. Kb7 Rb1+ 61. Ka8 Kf6 62. a7 Kf7 63. Rb8 Ra1 64. Kb7 1-0

[Event "Gibtelecom Masters"]
[Site "Gibraltar"]
[Date "2008.01.24"]
[Round "3.49"]
[White "Rendle, Thomas E"]
[Black "Suez-Panama, Gilles"]
[Result "1-0"]
[WhiteElo "2393"]
[BlackElo "2099"]
[PlyCount "63"]
[EventDate "2008.01.22"]

1. e4 e6 2. d4 d5 3. Nd2 Nf6 4. e5 Nfd7 5. Bd3 c5 6. c3 Nc6 7. Ngf3 Be7 8. O-O
cxd4 9. cxd4 g5 10. Nb3 a5 11. a4 g4 12. Ne1 h5 13. f4 f5 14. exf6 Nxf6 15.
Bg6+ Kf8 16. Nd3 Kg7 17. f5 Qb6 18. Be3 e5 19. Bf2 e4 20. Ndc5 h4 21. Qd2 Ng8
22. Qf4 Nh6 23. Be3 Qd8 24. Rac1 Bd6 25. f6+ Kg8 26. Qg5 Kf8 27. Qxh6+ Rxh6 28.
Bxh6+ Kg8 29. f7+ Kh8 30. f8=Q+ Bxf8 31. Rxf8+ Qxf8 32. Bxf8 1-0

[Event "Gibtelecom Masters"]
[Site "Gibraltar"]
[Date "2008.01.24"]
[Round "3.50"]
[White "Mortensen, Henrik"]
[Black "Aloma Vidal, Robert"]
[Result "0-1"]
[WhiteElo "2034"]
[BlackElo "2393"]
[PlyCount "44"]
[EventDate "2008.01.22"]

1. e4 Nf6 2. e5 Nd5 3. d4 d6 4. Nf3 g6 5. Be2 Bg7 6. O-O O-O 7. c4 Nb6 8. h3
dxe5 9. Nxe5 Be6 10. b3 c5 11. Bb2 Nc6 12. Nxc6 bxc6 13. Bf3 Rb8 14. Qd2 Qc7
15. Bxc6 Bxc4 16. Rc1 Qxc6 17. bxc4 cxd4 18. Na3 Na4 19. Rab1 Nc3 20. Bxc3 dxc3
21. Qf4 Rb2 22. Nb5 a6 0-1

[Event "Gibtelecom Masters"]
[Site "Gibraltar"]
[Date "2008.01.24"]
[Round "3.51"]
[White "Pettersen, Joar Gullestad"]
[Black "Foisor, Sabina-Francesca"]
[Result "0-1"]
[WhiteElo "2026"]
[BlackElo "2386"]
[PlyCount "83"]
[EventDate "2008.01.22"]

1. d4 g6 2. c4 Bg7 3. Nc3 c5 4. d5 d6 5. e4 Nf6 6. f3 O-O 7. Bg5 h6 8. Be3 Na6
9. Qd2 Kh7 10. Bd3 e6 11. Nge2 Rb8 12. O-O exd5 13. cxd5 Nc7 14. a4 b6 15. Ng3
a6 16. h3 b5 17. axb5 axb5 18. b4 Nd7 19. Rab1 c4 20. Bc2 Ra8 21. Ra1 Rxa1 22.
Rxa1 Ne5 23. Ra7 Na6 24. f4 Nd7 25. Nxb5 c3 26. Nxc3 Nxb4 27. Nb5 Qh4 28. Kh2
Nxc2 29. Qxc2 Nf6 30. Bf2 Qxf4 31. Kg1 h5 32. Ra4 Bd7 33. Ne2 Qg5 34. h4 Qe5
35. Bg3 Qe8 36. Bxd6 Bxb5 37. Rb4 Bxe2 38. Rb8 Qxb8 39. Bxb8 Rxb8 40. Qxe2 Rb1+
41. Kh2 Ng4+ 42. Kh3 0-1

[Event "Gibtelecom Masters"]
[Site "Gibraltar"]
[Date "2008.01.24"]
[Round "3.52"]
[White "Campbell, Ian"]
[Black "Goldsztejn, Gildas"]
[Result "1/2-1/2"]
[WhiteElo "2024"]
[BlackElo "2380"]
[PlyCount "229"]
[EventDate "2008.01.22"]

1. Nf3 d5 2. b3 Nf6 3. Bb2 Bf5 4. e3 Nbd7 5. d4 e6 6. Nbd2 Bd6 7. Ne5 c6 8. Bd3
Qc7 9. Nxd7 Qxd7 10. Nf3 Qc7 11. a3 Be4 12. h3 h6 13. Bxe4 Nxe4 14. Nd2 Nxd2
15. Qxd2 f5 16. Qe2 Qf7 17. f4 g5 18. Rf1 O-O-O 19. O-O-O Qe7 20. a4 Rdg8 21.
Rf2 Rg6 22. Kb1 Rhg8 23. Ka2 g4 24. hxg4 Rxg4 25. Rh1 Rh4 26. Qf1 Rgg4 27. Bc1
Rxh1 28. Qxh1 Qh4 29. Qf1 Qh5 30. Qe2 Qh2 31. Ba3 Bc7 32. Qd2 Qh4 33. Re2 Qf6
34. Bc5 b6 35. Ba3 Qg7 36. Bb4 Rh4 37. Bc3 Rh1 38. Bb2 Bd6 39. c4 Qe7 40. Qc2
Kb7 41. cxd5 cxd5 42. Qd3 a6 43. Rc2 Bb4 44. Bc3 Ba3 45. Bb2 Bxb2 46. Kxb2 Qb4
47. Rc3 Rg1 48. Qd2 a5 49. Qc2 Qe7 50. Qf2 Rh1 51. Qe2 Rh2 52. Rc2 Qb4 53. Qf1
Rh4 54. Qc1 Qd6 55. Qf1 Qd7 56. Qd3 Rg4 57. Qc3 Rg8 58. Qd2 h5 59. Qe2 Rg4 60.
Qd2 h4 61. Qc3 Rg8 62. Kb1 Ka7 63. Kb2 Rb8 64. Qe1 Rb7 65. Ka2 Qe7 66. Qc3 Qb4
67. Qxb4 axb4 68. Kb1 Rg7 69. Kc1 Rg3 70. Re2 Kb7 71. Kd1 Kc6 72. Ke1 h3 73.
gxh3 Rxh3 74. Rc2+ Kd7 75. Kd2 Rh1 76. Rb2 Rg1 77. Kd3 Kd6 78. Rh2 Rc1 79. Rb2
Ke7 80. Ke2 Rh1 81. Kd3 Kf6 82. Rg2 Rc1 83. Rc2 Rb1 84. Rc6 Rxb3+ 85. Kd2 Ra3
86. Rxb6 Rxa4 87. Rb7 Ra2+ 88. Kd3 Rb2 89. Rb8 Ke7 90. Rb7+ Kd6 91. Rb6+ Kd7
92. Rb7+ Kc6 93. Re7 Kd6 94. Rb7 Rb3+ 95. Kd2 Kc6 96. Re7 Ra3 97. Rxe6+ Kb5 98.
Rd6 Ra2+ 99. Kd3 Ra3+ 100. Kd2 Kc4 101. Rc6+ Kb3 102. Rc5 Ka2 103. Rxd5 b3 104.
Rb5 Ra8 105. Kd3 b2 106. e4 fxe4+ 107. Kxe4 b1=Q+ 108. Rxb1 Kxb1 109. f5 Kc2
110. f6 Kc3 111. Ke5 Re8+ 112. Kd6 Kxd4 113. f7 Rf8 114. Ke7 Rxf7+ 115. Kxf7
1/2-1/2

[Event "Gibtelecom Masters"]
[Site "Gibraltar"]
[Date "2008.01.24"]
[Round "3.53"]
[White "Svendsen, Peter"]
[Black "Amigues, Emmanuel"]
[Result "0-1"]
[WhiteElo "2011"]
[BlackElo "2378"]
[PlyCount "48"]
[EventDate "2008.01.22"]

1. d4 d5 2. c4 e6 3. Nc3 c6 4. Nf3 dxc4 5. e3 b5 6. a4 Bb4 7. Be2 Bb7 8. O-O a6
9. e4 Ne7 10. Be3 O-O 11. Qc2 Nd7 12. e5 h6 13. Qe4 Qc8 14. Qg4 f5 15. Qh4 Qe8
16. Bxh6 gxh6 17. Qxh6 Qg6 18. Qh4 Kg7 19. Ng5 Rh8 20. Qg3 Kf8 21. h4 Nb6 22.
h5 Qh6 23. axb5 cxb5 24. f4 Ned5 0-1

[Event "Gibtelecom Masters"]
[Site "Gibraltar"]
[Date "2008.01.24"]
[Round "3.54"]
[White "Caspi, Israel"]
[Black "Havik, Victor"]
[Result "1-0"]
[WhiteElo "2378"]
[BlackElo "2072"]
[PlyCount "67"]
[EventDate "2008.01.22"]

1. d4 Nf6 2. c4 e6 3. Nf3 d5 4. g3 dxc4 5. Bg2 a6 6. O-O b5 7. Ne5 Nd5 8. a4
Bb7 9. axb5 axb5 10. Rxa8 Bxa8 11. e4 Nb6 12. Qf3 Qf6 13. Bf4 Bd6 14. Nc3 b4
15. Nb5 O-O 16. Qg4 Qe7 17. Ra1 Nc6 18. Rxa8 Rxa8 19. Nxc6 Ra1+ 20. Bf1 Qd7 21.
Nxd6 cxd6 22. Nxb4 Kf8 23. Nc2 Rb1 24. Na3 Ra1 25. Qf3 d5 26. Qc3 e5 27. Nc2
Rxf1+ 28. Kxf1 exf4 29. Qb4+ Ke8 30. Qxb6 fxg3 31. Qb8+ Ke7 32. Qxg3 Qb5 33.
Qe5+ Kf8 34. Qxd5 1-0

[Event "Gibtelecom Masters"]
[Site "Gibraltar"]
[Date "2008.01.24"]
[Round "3.55"]
[White "Webster, Richard J"]
[Black "Jakobsen, Ole"]
[Result "0-1"]
[WhiteElo "1989"]
[BlackElo "2372"]
[PlyCount "48"]
[EventDate "2008.01.22"]

1. d4 Nf6 2. Nf3 g6 3. c4 d6 4. Nc3 Bf5 5. h3 Ne4 6. Qb3 Nxc3 7. Qxb7 Be4 8. d5
Nd7 9. bxc3 Bg7 10. Nd4 O-O 11. Qb2 e6 12. Be3 Ne5 13. dxe6 Nxc4 14. exf7+ Rxf7
15. Qc1 Qf6 16. f3 Nxe3 17. Qxe3 Bd5 18. Qd2 c5 19. Nb5 Qh4+ 20. Kd1 Qa4+ 21.
Kc1 Bc6 22. Nxd6 Rd8 23. e4 Rxd6 24. Qxd6 Bh6+ 0-1

[Event "Gibtelecom Masters"]
[Site "Gibraltar"]
[Date "2008.01.24"]
[Round "3.56"]
[White "Lindsoe, Fredrik Aunan"]
[Black "Quillan, Gary"]
[Result "0-1"]
[WhiteElo "2001"]
[BlackElo "2362"]
[PlyCount "144"]
[EventDate "2008.01.22"]

1. e4 e6 2. d4 d5 3. Nc3 Bb4 4. e5 Ne7 5. a3 Bxc3+ 6. bxc3 c5 7. Nf3 b6 8. Bb5+
Bd7 9. Bd3 c4 10. Be2 Ba4 11. h4 h6 12. Bf4 Kd7 13. Qb1 Nbc6 14. h5 Qg8 15. Kd2
Qh7 16. Ra2 Raf8 17. g3 Rhg8 18. Qf1 Kc8 19. Qh3 Kb7 20. Nh2 Re8 21. Nf1 Rgf8
22. Ne3 Na5 23. Qg2 Rc8 24. g4 Bc6 25. Bg3 Rcd8 26. Raa1 Rd7 27. Raf1 f5 28. f4
Ba4 29. Kc1 Nac6 30. Bh4 Kb8 31. gxf5 Nxf5 32. Nxf5 Rxf5 33. Bg4 a5 34. Rh2 b5
35. Bxf5 Qxf5 36. Qg6 Qf8 37. Qxe6 Qxa3+ 38. Kd2 Kc7 39. Be1 Bxc2 40. Ke3 Qc1+
41. Kf3 b4 42. Kg3 bxc3 43. Rxc2 Qxc2 44. Rf3 Nxd4 45. Qa6 Qe4 46. Qxa5+ Kb7
47. Qb4+ Kc8 48. Qc5+ Kd8 49. Qf8+ Kc7 50. Qc5+ Kd8 51. Qf8+ Kc7 52. Qc5+ Kb7
53. Qb4+ Kc8 54. Qc5+ Rc7 55. Qf8+ Kd7 56. Qxg7+ Kc6 57. Qg6+ Qxg6+ 58. hxg6 c2
59. Bd2 Nb3 60. Rc3 Nxd2 61. Rxc2 Nb3 62. f5 Rg7 63. Kf4 Nd4 64. Rg2 Kd7 65.
Ra2 c3 66. Ra7+ Kc6 67. Rxg7 c2 68. e6 c1=Q+ 69. Ke5 Qe3+ 70. Kf6 Qg5+ 71. Kf7
Qxf5+ 72. Kg8 Nxe6 0-1

[Event "Gibtelecom Masters"]
[Site "Gibraltar"]
[Date "2008.01.24"]
[Round "3.57"]
[White "Devereaux, Maxim L"]
[Black "Norinkeviciute, Rasa"]
[Result "1-0"]
[WhiteElo "2348"]
[BlackElo "2064"]
[PlyCount "69"]
[EventDate "2008.01.22"]

1. c4 g6 2. Nc3 Bg7 3. g3 d6 4. Bg2 f5 5. d4 e6 6. h4 Nf6 7. Nh3 c6 8. O-O O-O
9. Qb3 Kh8 10. Bf4 Qe7 11. Qa3 Rd8 12. Rad1 Na6 13. e4 h6 14. e5 Ne8 15. exd6
Nxd6 16. Be5 Qd7 17. b3 Nf7 18. Bxg7+ Kxg7 19. Rfe1 Nc7 20. Qb2 Kh7 21. Qc2 Rg8
22. Nf4 Qd8 23. Nd3 Ne8 24. d5 cxd5 25. cxd5 Qf6 26. dxe6 Bxe6 27. Nf4 Rc8 28.
Re3 Ng7 29. Bxb7 Rcd8 30. Rde1 Bc8 31. Ncd5 Qd6 32. Re7 Rgf8 33. Qc7 Bd7 34.
R1e6 Qxc7 35. Nf6+ 1-0

[Event "Gibtelecom Masters"]
[Site "Gibraltar"]
[Date "2008.01.24"]
[Round "3.58"]
[White "Karim, Ismael"]
[Black "Reppen, Sigmund"]
[Result "1-0"]
[WhiteElo "2347"]
[BlackElo "2061"]
[PlyCount "105"]
[EventDate "2008.01.22"]

1. e4 e5 2. Nf3 Nc6 3. Bb5 a6 4. Ba4 Nf6 5. O-O Be7 6. d3 b5 7. Bb3 d6 8. a4
Bb7 9. Bd2 O-O 10. Nc3 b4 11. Ne2 Nd7 12. a5 Rb8 13. Ng3 Nc5 14. Bc4 Bc8 15.
Be3 Ne6 16. c3 Bf6 17. d4 Ne7 18. Qe2 Ng6 19. Nh5 Be7 20. Bxa6 Bxa6 21. Qxa6 c5
22. dxe5 Nxe5 23. Nxe5 dxe5 24. Rfd1 Qc7 25. Qc4 bxc3 26. bxc3 Ra8 27. a6 Ra7
28. Ng3 g6 29. Nf1 Rfa8 30. Nd2 Qc6 31. Qd5 Qc7 32. Nc4 Rd8 33. Qxe5 Rxd1+ 34.
Rxd1 Qxe5 35. Nxe5 Bf6 36. Nc4 Bxc3 37. Rd6 Bd4 38. Bh6 Bg7 39. Be3 Bd4 40. Bd2
Nc7 41. Bh6 f6 42. Rd7 Rxa6 43. Rg7+ Kh8 44. g3 Ne6 45. Re7 Kg8 46. Kg2 g5 47.
Kf3 Be5 48. Kg4 Rc6 49. f4 gxf4 50. gxf4 Ba1 51. f5 Nc7 52. Rg7+ Kh8 53. Rd7
1-0

[Event "Gibtelecom Masters"]
[Site "Gibraltar"]
[Date "2008.01.24"]
[Round "3.59"]
[White "Hickman, John E"]
[Black "Astaneh Lopez, Alex"]
[Result "0-1"]
[WhiteElo "2009"]
[BlackElo "2346"]
[PlyCount "92"]
[EventDate "2008.01.22"]

1. e4 c5 2. Nf3 Nc6 3. d3 g6 4. g3 Bg7 5. Bg2 d6 6. O-O Nf6 7. c3 O-O 8. Re1 e5
9. Nbd2 b5 10. a4 b4 11. Nc4 Ba6 12. Ne3 bxc3 13. bxc3 Rb8 14. Ba3 Qb6 15. Nd2
Na5 16. Qc2 Rfc8 17. Rab1 Qc7 18. Bh3 Rxb1 19. Rxb1 Rb8 20. Bf1 Bh6 21. Re1 Bc8
22. Ndc4 Bxe3 23. Nxe3 Rb3 24. Bc1 Be6 25. f4 Qb6 26. Nd5 Nxd5 27. exd5 Bxd5
28. fxe5 dxe5 29. Rxe5 Be6 30. Qf2 Rb1 31. Bh6 Qd8 32. Rxe6 fxe6 33. Qxc5 Qb6
34. Be3 Qxc5 35. Bxc5 Nb3 36. Be3 Ra1 37. d4 Rxa4 38. Bb5 Ra1+ 39. Kg2 Kf7 40.
Kf3 a5 41. c4 Ra2 42. h4 a4 43. c5 a3 44. c6 Rc2 45. Ba4 Rc3 46. c7 a2 0-1

[Event "Gibtelecom Masters"]
[Site "Gibraltar"]
[Date "2008.01.24"]
[Round "3.60"]
[White "Zozulia, Anna"]
[Black "Strand, Haakon"]
[Result "1-0"]
[WhiteElo "2344"]
[BlackElo "2045"]
[PlyCount "53"]
[EventDate "2008.01.22"]

1. e4 c5 2. Nf3 d6 3. c3 Nf6 4. Bd3 g6 5. Bc2 Bg7 6. d4 O-O 7. O-O cxd4 8. cxd4
b5 9. a3 Bb7 10. Nc3 a6 11. Re1 Nbd7 12. Bg5 Nb6 13. Qe2 Qd7 14. Rad1 e6 15. e5
Nfd5 16. Ne4 f6 17. exf6 Nxf6 18. Bxf6 Bxf6 19. Ne5 Bxe5 20. dxe5 Nd5 21. exd6
Nf4 22. Qe3 Rac8 23. Bb3 Bd5 24. g3 Nh3+ 25. Kg2 Nxf2 26. Rxd5 Nxe4 27. Re5 1-0

[Event "Gibtelecom Masters"]
[Site "Gibraltar"]
[Date "2008.01.24"]
[Round "3.61"]
[White "Pettersson, Anders"]
[Black "Dimitrov, Radoslav"]
[Result "1-0"]
[WhiteElo "1984"]
[BlackElo "2341"]
[PlyCount "127"]
[EventDate "2008.01.22"]

1. d4 d5 2. c4 e5 3. dxe5 d4 4. Nf3 Nc6 5. a3 Bg4 6. Bf4 Qd7 7. e4 Nge7 8. Nbd2
Ng6 9. Bg3 O-O-O 10. Bd3 Qe7 11. Qa4 Kb8 12. O-O h5 13. b4 h4 14. b5 Ncxe5 15.
Bxe5 Nxe5 16. Nxe5 Qxe5 17. f4 Qh5 18. Rae1 Bc8 19. Nf3 f6 20. e5 Qh6 21. e6
Bd6 22. f5 Rhe8 23. Qc2 Bc5 24. Kh1 g6 25. a4 gxf5 26. Bxf5 Rd6 27. e7 d3 28.
Bxd3 Re6 29. Bf5 R6xe7 30. Rxe7 Bxe7 31. Bxc8 Rxc8 32. Qe4 Bd6 33. Qxh4 Qg6 34.
g3 Qd3 35. Kg2 Re8 36. Qd4 Re2+ 37. Rf2 Qc2 38. c5 Be7 39. Rxe2 Qxe2+ 40. Qf2
Qc4 41. Qe3 Qxc5 42. Qxc5 Bxc5 43. Nh4 Kc8 44. Nf5 Kd7 45. h4 Ke6 46. g4 Kd5
47. h5 Bf8 48. h6 Bxh6 49. Nxh6 Ke4 50. Kf2 Kf4 51. Ke2 Kg5 52. Ng8 Kxg4 53.
Nxf6+ Kf5 54. Ne8 Ke4 55. Nxc7 Kd4 56. Ne6+ Kc4 57. Nd8 Kb4 58. Kd3 Kxa4 59.
Kc4 Ka5 60. Kc5 b6+ 61. Kc4 Ka4 62. Nc6 Ka3 63. Nxa7 Ka4 64. Kd5 1-0

[Event "Gibtelecom Masters"]
[Site "Gibraltar"]
[Date "2008.01.24"]
[Round "3.63"]
[White "Edvardsen, Ingar"]
[Black "Werner, Dimo"]
[Result "0-1"]
[WhiteElo "1972"]
[BlackElo "2293"]
[PlyCount "100"]
[EventDate "2008.01.22"]

1. e4 c5 2. Nc3 e6 3. Nf3 a6 4. d4 b5 5. a3 Bb7 6. dxc5 Bxc5 7. Bd3 Qc7 8. O-O
Nf6 9. Qe2 d6 10. Bf4 e5 11. Bg3 Nbd7 12. Nd1 O-O 13. b4 Ba7 14. Rc1 Nb6 15.
Nd2 Nc4 16. Bxc4 bxc4 17. c3 Qc6 18. Re1 Rac8 19. Kh1 Rfe8 20. Bh4 d5 21. f3
Nh5 22. Nb2 Qh6 23. Nd1 g5 24. g4 Nf6 25. Bg3 dxe4 26. fxe4 Nxe4 27. Nxe4 Qe6
28. Qf3 h5 29. h3 Rf8 30. Kh2 h4 31. Bf2 Bxf2 32. Ndxf2 Rfd8 33. Rcd1 Rxd1 34.
Nxd1 Rd8 35. Nb2 a5 36. Re2 axb4 37. axb4 Ra8 38. Qf5 Qxf5 39. gxf5 Ra1 40. Kg2
Kg7 41. b5 Ra2 42. Kf3 Ra3 43. Re3 Rb3 44. Nxc4 Rxb5 45. Ncd6 Rb1 46. Nxb7 Rxb7
47. c4 Rb2 48. Rc3 Ra2 49. Kg4 Kh6 50. Rc1 Rf2 0-1

[Event "Gibtelecom Masters"]
[Site "Gibraltar"]
[Date "2008.01.24"]
[Round "3.64"]
[White "Rodriguez Lopez, Rafael"]
[Black "Haugstad, Espen"]
[Result "1-0"]
[WhiteElo "2285"]
[BlackElo "2042"]
[PlyCount "57"]
[EventDate "2008.01.22"]

1. Nf3 Nf6 2. g3 c5 3. Bg2 Nc6 4. d4 cxd4 5. Nxd4 d5 6. O-O e6 7. c4 Be7 8.
cxd5 exd5 9. Nc3 O-O 10. b3 Qa5 11. Bb2 Bg4 12. h3 Bd7 13. e3 Rac8 14. Rc1 Rfd8
15. Qd3 Bc5 16. Nde2 a6 17. Rfd1 Ba3 18. Bxa3 Qxa3 19. Qb1 Be6 20. Nf4 Ne7 21.
Qa1 Rc5 22. Nce2 Rdc8 23. Rxc5 Rxc5 24. Nxe6 fxe6 25. Qe5 Rc6 26. Qb8+ Kf7 27.
Qxb7 Ne8 28. Nd4 Nd6 29. Qd7 1-0

[Event "Gibtelecom Masters"]
[Site "Gibraltar"]
[Date "2008.01.24"]
[Round "3.65"]
[White "Hamer, Martyn"]
[Black "Forsaa, Espen"]
[Result "0-1"]
[WhiteElo "1962"]
[BlackElo "2285"]
[PlyCount "118"]
[EventDate "2008.01.22"]

1. e4 c5 2. Nf3 d6 3. d4 cxd4 4. Nxd4 Nf6 5. Nc3 a6 6. g4 Bxg4 7. f3 Bd7 8. Bg5
e6 9. Qd2 Nc6 10. Rg1 Qa5 11. Nb3 Qc7 12. O-O-O O-O-O 13. Be3 Be8 14. Qf2 Nd7
15. f4 Kb8 16. f5 Nc5 17. Nxc5 dxc5 18. Rxd8+ Nxd8 19. Bf4 Bd6 20. Bxd6 Qxd6
21. Rxg7 exf5 22. Qd2 Qxd2+ 23. Kxd2 Ne6 24. Rg3 f4 25. Rh3 Ng5 26. Rh6 Bc6 27.
Bxa6 Rd8+ 28. Ke2 Nxe4 29. Nxe4 Bxe4 30. Bd3 Bg6 31. Bc4 Rd6 32. Ke1 Rd4 33. b3
Kc7 34. h4 Rd6 35. c3 b6 36. h5 Bb1 37. Rxd6 Kxd6 38. h6 Bxa2 39. Bd3 Bxb3 40.
Bxh7 Ke5 41. Be4 Kf6 42. Ke2 f3+ 43. Kxf3 Bd1+ 44. Kf4 Bh5 45. Bd3 Bg6 46. Be2
Bc2 47. Bb5 Kg6 48. Ke5 Kxh6 49. Kd6 f5 50. Kc6 Bb3 51. Kxb6 c4 52. Kc5 Kg5 53.
Kd4 f4 54. Bc6 Kg4 55. Bb7 Kg3 56. Bd5 f3 57. Ke3 f2 58. Ke2 Bd1+ 59. Kf1 Bg4
0-1

[Event "Gibtelecom Masters"]
[Site "Gibraltar"]
[Date "2008.01.24"]
[Round "3.66"]
[White "Revesz, Zoltan"]
[Black "Van Kemenade, Rudy"]
[Result "1-0"]
[WhiteElo "2283"]
[BlackElo "2029"]
[PlyCount "47"]
[EventDate "2008.01.22"]

1. e4 e5 2. Nf3 Nf6 3. Nc3 Bb4 4. Nxe5 O-O 5. Be2 Re8 6. Nd3 Bxc3 7. dxc3 Nxe4
8. Nf4 Qf6 9. O-O c6 10. c4 d6 11. a4 a5 12. Ra3 Nc5 13. Nh5 Qe5 14. Re3 Ne4
15. Ng3 d5 16. cxd5 cxd5 17. Bb5 Nc6 18. f3 f5 19. Ree1 f4 20. fxe4 fxg3 21.
exd5 gxh2+ 22. Kh1 Bg4 23. Rxe5 Nxe5 24. Qd4 1-0

[Event "Gibtelecom Masters"]
[Site "Gibraltar"]
[Date "2008.01.24"]
[Round "3.67"]
[White "Skage, Oystein Aagedal"]
[Black "Zuse, Klaus-Peter"]
[Result "0-1"]
[WhiteElo "1919"]
[BlackElo "2274"]
[PlyCount "60"]
[EventDate "2008.01.22"]

1. e4 c5 2. Nf3 d6 3. d4 cxd4 4. Nxd4 Nf6 5. Nc3 a6 6. Be3 e5 7. Nb3 Be6 8. f3
Nbd7 9. Qd2 Rc8 10. g4 b5 11. O-O-O Nb6 12. g5 Nh5 13. Nd5 Bxd5 14. exd5 Nc4
15. Bxc4 bxc4 16. Nd4 exd4 17. Qxd4 Be7 18. Qg4 g6 19. f4 Qd7 20. h3 f5 21. Qf3
Kf7 22. Bd4 Rhe8 23. Rhe1 Bf8 24. Qc3 Rxe1 25. Rxe1 Re8 26. Rf1 Qb5 27. Qf3 Re4
28. Qc3 a5 29. b3 cxb3 30. axb3 Qxf1+ 0-1

[Event "Gibtelecom Masters"]
[Site "Gibraltar"]
[Date "2008.01.24"]
[Round "3.68"]
[White "Tscharotschkin, Michael"]
[Black "Husin, Axel"]
[Result "1-0"]
[WhiteElo "2272"]
[BlackElo "2012"]
[PlyCount "105"]
[EventDate "2008.01.22"]

1. e4 e5 2. Nf3 Nc6 3. Bc4 Bc5 4. O-O Nf6 5. d3 d6 6. h3 h6 7. Nc3 a6 8. a3 O-O
9. Ne2 Be6 10. Bxe6 fxe6 11. Ng3 Qe8 12. Be3 Nd4 13. Nxd4 Bxd4 14. Bxd4 exd4
15. f4 e5 16. fxe5 dxe5 17. Nf5 Kh7 18. Qd2 Nh5 19. Rf3 Rf6 20. Raf1 Qd7 21.
Qa5 Re8 22. Kh2 Ree6 23. R1f2 Qc6 24. Nxd4 exd4 25. Qxh5 Rxf3 26. Qxf3 Rf6 27.
Qg3 Rxf2 28. Qxf2 Qd6+ 29. Kg1 Qb6 30. b3 Qd6 31. a4 a5 32. Kf1 b6 33. Qf5+ Kh8
34. Qf2 Kh7 35. Kg1 Kh8 36. g3 Kh7 37. Kg2 Kh8 38. Qf7 Kh7 39. h4 Qc6 40. Qf2
Qd6 41. Kh3 Kh8 42. g4 Kg8 43. Qf5 Kh8 44. g5 hxg5 45. hxg5 Qd8 46. g6 Kg8 47.
Kg3 Qe8 48. Kf4 Qd8 49. Qe6+ Kh8 50. Qh3+ Kg8 51. Qh7+ Kf8 52. Qh8+ Ke7 53.
Qxg7+ 1-0

[Event "Gibtelecom Masters"]
[Site "Gibraltar"]
[Date "2008.01.24"]
[Round "3.69"]
[White "Rosberg, Simon"]
[Black "Bryn, Askild"]
[Result "1-0"]
[WhiteElo "2246"]
[BlackElo "1997"]
[PlyCount "65"]
[EventDate "2008.01.22"]

1. d4 f5 2. Bg5 Nf6 3. Bxf6 exf6 4. e3 g6 5. c4 Bg7 6. Nc3 O-O 7. g3 d6 8. Bg2
c6 9. Nge2 Re8 10. O-O Nd7 11. Qd2 Nf8 12. Nf4 Bh6 13. Nd3 Qb6 14. Rfd1 Bd7 15.
b4 Rad8 16. Qc2 g5 17. Ne2 Ng6 18. Rab1 Re7 19. d5 Qc7 20. dxc6 bxc6 21. Nd4 c5
22. Nb5 Bxb5 23. cxb5 f4 24. exf4 gxf4 25. bxc5 fxg3 26. hxg3 dxc5 27. Nxc5
Rxd1+ 28. Rxd1 Nf8 29. Qb3+ Kg7 30. Qb4 Qe5 31. Nd3 Qe2 32. Re1 Qd2 33. Qxe7+
1-0

[Event "Gibtelecom Masters"]
[Site "Gibraltar"]
[Date "2008.01.24"]
[Round "3.70"]
[White "Kandic, Milan"]
[Black "Thollin, Robert"]
[Result "1/2-1/2"]
[WhiteElo "2238"]
[BlackElo "2011"]
[PlyCount "62"]
[EventDate "2008.01.22"]

1. d4 e6 2. Nf3 f5 3. Nc3 Nf6 4. Bg5 d5 5. g3 c6 6. Bg2 Bd6 7. O-O Nbd7 8. e3
Qe7 9. Bf4 e5 10. dxe5 Nxe5 11. Nxe5 Bxe5 12. Bxe5 Qxe5 13. Re1 O-O 14. Qc1 b6
15. a4 a5 16. Ne2 Bb7 17. c4 c5 18. Qc3 Rfe8 19. Qxe5 Rxe5 20. Nc3 Ne4 21. f4
Re7 22. cxd5 Rd8 23. Bxe4 fxe4 24. Rad1 Red7 25. Nxe4 Bxd5 26. Nc3 Bb3 27. Rxd7
Rxd7 28. Kf2 Kf8 29. Re2 Bc4 30. Rc2 Bb3 31. Re2 Bc4 1/2-1/2